| 000 | 02008nam a22002897a 4500 | ||
|---|---|---|---|
| 003 | DO-SdBNP | ||
| 005 | 20210428114600.0 | ||
| 008 | 171110b 2005 dr 00| 0 spa d | ||
| 020 | _a9993439312 | ||
| 040 |
_aBPMSU _bspa _cBPMSU |
||
| 082 |
_aRD860.9 _b E53e _222 |
||
| 100 | 1 | _aEmeterio Rondón, Pura | |
| 245 | 1 | 0 |
_aEstudios críticos de la literatura dominicana contemporánea / _cPura Emeterio Rondón ; prólogo Bruno Rosario Candelier |
| 260 |
_aSanto Domingo : _bLibrería la Trinitaria, _c2005. |
||
| 300 |
_a225 p. ; _c23 cm. |
||
| 500 | _aIncluye datos biográficos del autor en las solapas. | ||
| 504 | _aBibliografía : p. 225 | ||
| 505 | _aPrólogo -- Presentación -- El sentido de la identidad en Salomé Ureña -- Para otra lectura de El Masacre -- Trujillo : ficción histórica y realidad literaria de un mito -- Sólo cenizas hallarás : otra vez la ficción, otra vez la historia -- A propósito de tiempo muerto -- La perspectiva ética en el sueño era cipango 65 -- Pasión e historia en la narrativa de Pedro Mir 75 -- Pedro Mir : sus viajes y cantos 81 -- Manuel del Cabral : único y diverso 85 -- Retórica de la oralidad en la poética de Domingo Moreno Jimenes 95 -- Pedro Mir y Manuel del Cabral en los sonidos y las letras 115 -- ¿De qué color es la literatura dominicana? -- Metafísica y belleza en 14 mudos de amor -- La rosa y otras riquezas literarias de Franklin Mieses Burgos -- Orígenes y revelaciones en la poética de José Enrique García -- Los enigmas de Hilma Contreras -- La dimensión mítica de la literatura caribeña : República Dominicana y Haití -- Los estudios de la literatura caribeña en la actualidad -- Hacia el reconocimiento de un discurso caribeño. | ||
| 590 | _6Inventariado, 2021/VM | ||
| 650 | 4 |
_aLiteratura dominicana _xHistoria y crítica. _ySiglo XX |
|
| 650 | 4 | _aCrítica literaria. | |
| 650 | 4 | _aLiteratura dominicana | |
| 700 | 1 |
_aRosario Candelier, Bruno, _epról. |
|
| 910 | _aVMateo | ||
| 942 |
_2ddc _cBK |
||
| 945 | _a | ||
| 999 |
_c12850 _d12850 |
||